Music Quiz

Random Music or Lyrics Quiz

lyrics to songs Quiz Stats

 Plays Quiz not verified by Sporcle

Challenge
Share
Tweet
Embed
Score 0/27 Timer 05:00
0 Plays Today
Lyrics Rest of the Lyrics % Correct
Hey, hey, you, you, i don't like your ______ girlfriend
90.1%
I've got the magic in me, every time i touch that track it_________turns into gold
80%
You spin my head right round right round when you_________go down
79.2%
Shawti's like a melody in my head that I can't keep on got me singing like nananana every day it's like my ipod's _____stuck on replay
75.2%
Just dance, gonna _______be okay
74.7%
I'll stop the world and ______________melt with you
68.6%
Baby don't worry, you are my only even if the ____sky is falling down
66.9%
If you could see that I'm the one who understands you been here all along so why can't you see? ____________you belong with me
64%
I'll keep you my dirty little secret. Don't tell anyone or you'll be _______just another regret
61.5%
If I were a rich girl nananananananana if I had _______all the money in the world
59.4%
When I arrive I, I bring the fire, make you _____come alive
52.8%
I'm gonna soak up the sun, gonna tell everyone to ______lighten up
47.2%
Just gonna stand there and_______watch me burn
46.7%
Cause I'm in too deep and I'm trying to keep up a part of my head ______instead of going under
40%
Lyrics Rest of the Lyrics % Correct
It just takes some time, little girl your in the middle of _____the ride
38.9%
You wanna take back everything you did but_______you cant
26.7%
I always say how i dont need ya but its always gonna come__________right back to this
26.7%
This ones for you and me livin out our dreams. Were all__________right where we should be
20%
Its coool, coool, coool. Come on andmake your move
20%
I'm lookin at you're future, i see_______it in your face
13.3%
What am I fighting for there must _________be something more
12.4%
I whip my hair_______back and forth
5.3%
I got dreadlocks fallin _______all over me
5.1%
Baby let me love you down there's so many ways to_______love ya
3.8%
I've got the magic in me every time I touch that track it________turns into gold
3.6%
A house is not a home and I hate this song is a house really a home when________?your loved one is gone
1.7%
Hey baby girl what you doin tonight I wanna see what you______got in store
1.5%

You're not logged in!

Compare scores with friends on all Sporcle quizzes.
Join for Free
OR
Log In

You Might Also Like...

Show Comments

Extras

Created Jan 1, 2010ReportNominate
Tags:Lyrics Quiz, Song Quiz, rest

Top Quizzes Today


Score Distribution

Your Account Isn't Verified!

In order to create a playlist on Sporcle, you need to verify the email address you used during registration. Go to your Sporcle Settings to finish the process.

Report this User

Report this user for behavior that violates our Community Guidelines.

Details: